Legislatura extraordinaria

Salvato in:
Dettagli Bibliografici
Ente Autore: Cámara de Diputados (Autore)
Natura: Libro
Lingua:spagnolo
Pubblicazione: Santiago Cámara de Diputados 1966
Soggetti:
Tags: Aggiungi Tag
Nessun Tag, puoi essere il primo ad aggiungerne!!

MARC

LEADER 00000nam a2200000 a 4500
001 UCK0489
003 CL-VaPUC
008 041008e19660000CL |||||||||||||||||spa|d
082 0 4 |a 328.35  |b CAM  |2 21 
110 2 |a Cámara de Diputados  |e author  |9 488473 
245 1 0 |a Legislatura extraordinaria 
246 1 0 |a Sesiones extraordinarias 1966-1967 
300 |a t 
942 |c BK 
945 |d 20041008 00:00:00  |a cmena 
260 |a Santiago  |b Cámara de Diputados  |c 1966 
500 |a t.1: Sesión 1ª, en miércoles 5 de octubre de 1966,especial: de 16.15 a 16.28 horas. Presidencia del señor Ballesteros, Secretario, el señor Cañas Ibáñez, Prosecretario, el señor Kaempfe 
500 |a Sesión 2ª, en miércoles 5 de octubre de 1966, especial: de 17.45 a 19.39 horas. Presidencia de los señores Ballesteros, Isla y Sivori, secretario, el señor Cañas Ibáñez, Prosecretario, el señor Kaempfe 
500 |a Sesión 3ª, en martes 11 de octubre de 1966, ordinaria: de 16.15 a 19.20 horas. Presidencia de los señores Ballesteros, Sivori y Papic, secretario, el señor Cañas Ibáñez, Prosecretario, el señor Kaempfe 
500 |a Sesión 4ª, en martes 11 de octubre de 1966, especial: de 22.15 a 23.55 horas. Presidencia del señor Sivori, secretario accidental, el señor Kaempfe, Prosecretario accidental, el señor Larraín 
500 |a Sesión 5ª, en jueves 13 de octubre de 1966, especial: de 11 a 0.16 horas del viernes 14. Presidencia de los señores Ballesteros y Sivori, Secretario, el señor Cañas Ibáñez, Prosecretario, el señor Kaempfe 
500 |a Sesión 6ª, en martes 18 de octubre de 1966, ordinaria: de 16.15 a 19.13 horas. Presidencia de los señores Ballesteros y Sivori, Secretario, el señor Cañas Ibáñez, Prosecretario, el señor Kaempfe 
500 |a Sesión 7ª, en miércoles 19 de octubre de 1966, ordinaria: de16.15 a 19.10 horas. Presidencia de los señores Ballesteros y Sivori, Secretario, el señor Cañas Ibáñez, Prosecretario, el señor Kaempfe 
500 |a Sesión 8ª, en martes 25 de octubre de 1966, ordinaria: de 16.15 a 19.14 horas. Presidencia de los señores Ballesteros, Isla y Sivori, Secretario, el señor Cañas Ibáñez, Prosecretario, el señor Kaempfe 
500 |a Sesión 9ª, en miércoles 26 de octubre de 1966,ordinaria: de 16.15 a 19.04 horas. Presidencia de los señores Ballesteros, Isla y Sivori, Secretario accidental, el señor Kaempfe, Prosecretario accidental, el señor Larraín 
500 |a Sesión 10ª, en miércoles 2 de noviembre de 1966, especial: de 19.30 a 21.06 horas. Presidencia de los señores Ballesteros, Secretario, el señor Cañas Ibáñez, Prosecretario, el señor Kaempfe 
500 |a t.2: 1966-1967. Sesión 11ª, en miércoles 2 de noviembre de 1966, especial: de 21.30 a 23.25 horas. Presidencia del señor Isla, Secretario, el señor Cañas Ibáñez, Prosecretario, el señor Kaempfe 
500 |a Sesión 12ª, en martes 8 de noviembre de 1966, ordinaria: de 16.15 a 20.08 horas. Presidencia de los señores Ballesteros y Sivori, Secretario, el señor Cañas Ibáñez, Prosecretario, el señor Kaempfe 
500 |a Sesión 13ª, en miércoles 9 de noviembre de 1966, ordinaria: de 16.15 a 19.20 horas. Presidencia de los señores Ballesteros y Sivori, Secretario, el señor Cañas Ibáñez, Prosecretario, el señor Kaempfe 
500 |a Sesión 14ª, en jueves 10 de noviembre de 1966, especial: de 16.15 a 19.20 horas. Presidencia de los señores Ballesteros y Sivori, Secretario, el señor Cañas Ibáñez, Prosecretario, el señor Kaempfe 
500 |a Sesión 15ª, en martes 15 de noviembre de 1966, ordinaria: de 16.15 a 19.20 horas. Presidencia de los señores Isla y Sivori, Secretario, el señor Cañas Ibáñez, Prosecretario, el señor Kaempfe 
500 |a Sesión 16ª, en miércoles 16 de noviembre de 1966, ordinaria: de 16.15 a 19.14 horas. Presidencia de los señores Ballesteros y Sivori, Secretario, el señor Cañas Ibáñez, Prosecretario, el señor Kaempfe 
500 |a Sesión 17ª, en martes 22 de noviembre de 1966, ordinaria: de 16.15 a 19.09 horas. Presidencia de los señores Ballesteros y Sivori, Secretario, el señor Cañas Ibáñez, Prosecretario, el señor Kaempfe 
500 |a Sesión 18ª, en miércoles 23 de noviembre de 1966, ordinaria: de 16.15 a 19.13 horas. Presidencia de los señores Ballesteros, Isla y Sivori, Secretario, el señor Cañas Ibáñez, Prosecretario, el señor Kaempfe 
500 |a Sesión 19ª, en jueves 27 de noviembre de 1966, especial: de 11 a 21.01 horas. Presidencia de los señores Ballesteros, Isla y Sivori, Secretario, el señor Cañas Ibáñez, Prosecretario, el señor Kaempfe 
500 |a Sesión 20ª, en martes 29 de noviembre de 1966, especial: de 15 a 0.1 horas del miércoles 30. Presidencia de los señores Ballesteros, Isla y Sivori, Secretario, el señor Cañas Ibáñez, Prosecretario, el señor Kaempfe 
500 |a Sesión 21ª, en miércoles 30 de noviembre de 1966, especial: de 11 a 13.11 horas. Presidencia del señor Ballesteros, Secretario, el señor Cañas Ibáñez, Prosecretario, el señor Kaempfe 
650 7 |a DERECHO CHILENO  |2 CL-VaPUC  |9 488474 
650 0 |a Jurisprudencia  |9 255952 
650 7 |a LEGISLACION CHILENA  |2 CL-VaPUC  |9 404063 
583 |a last modification  |c 20041008 00:00:00  |k Rodrigo Vera 
999 |c 310925  |d 310923 
952 |0 0  |1 0  |4 0  |6 328_350000000000000_CAM_1966  |7 0  |8 X  |9 379984  |a BIBHIS  |b BIBHIS  |d 2019-11-21  |h t.1  |i 4068572  |o 328.35 CAM 1966  |p 4068572  |r 2024-01-30  |w 2019-11-21  |y BK_X  |k HIS 
952 |0 0  |1 0  |4 0  |6 328_350000000000000_CAM_1966  |7 0  |8 X  |9 379985  |a BIBHIS  |b BIBHIS  |d 2019-11-21  |h t.2  |i 4068580  |o 328.35 CAM 1966  |p 4068580  |r 2024-01-30  |w 2019-11-21  |y BK_X  |k HIS 
952 |0 0  |1 0  |4 0  |6 328_350000000000000_CAM_1966  |7 0  |8 X  |9 379986  |a BIBHIS  |b BIBHIS  |d 2019-11-21  |h t.3  |i 4068599  |o 328.35 CAM 1966  |p 4068599  |r 2024-01-30  |w 2019-11-21  |y BK_X  |k HIS 
952 |0 0  |1 0  |4 0  |6 328_350000000000000_CAM_1966  |7 0  |8 X  |9 379987  |a BIBHIS  |b BIBHIS  |d 2019-11-21  |h t.4  |i 4068602  |o 328.35 CAM 1966  |p 4068602  |r 2024-01-30  |w 2019-11-21  |y BK_X  |k HIS 
952 |0 0  |1 0  |4 0  |6 328_350000000000000_CAM_1966  |7 0  |8 X  |9 379988  |a BIBHIS  |b BIBHIS  |d 2019-11-21  |h t.5  |i 4068610  |o 328.35 CAM 1966  |p 4068610  |r 2024-01-30  |w 2019-11-21  |y BK_X  |k HIS